La filosofía del vicio /
Estudio biográfico sobre el Marqués de Sade, en que se plantea que el escritor francés fue un hombre profundamente arraigado en su tiempo, aunque lo sobrepasó por su desmesura. Además de analizar su producción literaria, se muestra qué relación guardan sus novelas con los episodios de su vida real.
Guardado en:
| Autor principal: | |
|---|---|
| Formato: | Libro |
| Idioma: | Español |
| Publicado: |
México :
Nueva Imagen,
2003, c2003
|
| Colección: | (La Letra y sus Alrededores)
|
| Temas: | |
| Etiquetas: |
Sin etiquetas, Sé el primero en etiquetar este registro!
|
MARC
| LEADER | 00000nam^a2200000^a^4500 | ||
|---|---|---|---|
| 001 | 000334072 | ||
| 005 | 20250521000000.0 | ||
| 009 | 20260310114150.433 | ||
| 020 | |a 970-24-0433-9 | ||
| 025 | |a Donación Daniel Tello, 1 ejemplar | ||
| 037 | |a Acervo Xavier Clavigero | ||
| 041 | |a ESP | ||
| 082 | |a 840. 94404 |b LEO | ||
| 100 | |a León, Francisco |e (autor) | ||
| 245 | 1 | 3 | |a La filosofía del vicio / |c F. León ; epílogo de Mauricio Achar. |
| 264 | 4 | |a México : |b Nueva Imagen, |c 2003, c2003 | |
| 300 | |a 391 p. | ||
| 336 | |a texto |b txt |2 rdacontenido | ||
| 337 | |a sin mediación |b n |2 rdamedio | ||
| 338 | |a volumen |b nc |2 rdasoporte | ||
| 440 | 4 | |a (La Letra y sus Alrededores) | |
| 520 | |a Estudio biográfico sobre el Marqués de Sade, en que se plantea que el escritor francés fue un hombre profundamente arraigado en su tiempo, aunque lo sobrepasó por su desmesura. Además de analizar su producción literaria, se muestra qué relación guardan sus novelas con los episodios de su vida real. | ||
| 649 | |a XX | ||
| 650 | |a Escritores Franceses - |x Biografías | ||
| 650 | |a Literatura Francesa - |y Siglo XVIII | ||
| 650 | |a Literatura Francesa - |y Siglo XIX | ||
| 650 | |a Literatura Francesa - |x Historia y Crítica | ||
| 650 | |a Literatura Erótica - |z Francia - |x Historia y Crítica | ||
| 650 | |a Francia - |x Historia - |y Revolución Liberal Burguesa, 1774-1848 | ||
| 650 | |a Sade, |c Marqués de - |x Tema Principal | ||
| 910 | |a Fondo General | ||
| 920 | |a Impresos - Libros | ||
| 930 | |a Colección General | ||
| 940 | |a Literatura | ||
| 905 | |a 101 | ||
| 901 | |a 0500223949 |b IT1 |c LIT |i D |u 20250521 | ||
| 902 | |a https://opac.biblio.iteso.mx/vufind/Record/000334072 | ||